000 00300nam a22001337a 4500
008 170608b xxu||||| |||| 00| 0 eng d
020 _a9780072565638
041 _aeng
080 _24TH
_a94(7/8)
100 _a18
101 _aSHH
245 _aTHE UNFINISHED NATION
_cBRINKLEY,A
942 _2udc
_cBK
999 _c16496
_d16496